| 000 | 01078nam a2200265Ia 4500 | ||
|---|---|---|---|
| 003 | OSt | ||
| 005 | 20220923211514.0 | ||
| 006 | a|||||r|||| 00| 0 | ||
| 007 | ta | ||
| 008 | 220922b |||||||| |||| 00| 0 san d | ||
| 020 |
_a9789380326788 (hbk) _c600 |
||
| 024 | _a263,449 | ||
| 037 |
_b105, 04/10/2011, Vidyanidhi Prakashan _cTextual |
||
| 040 |
_aARTS _cARTS _bsan |
||
| 041 |
_2san _asan |
||
| 082 | _aQ233:2394, 152Q1 | ||
| 100 |
_aरजक, मनोज कुमार _9157821 |
||
| 245 | 0 | _aरूद्रयामलम्* उत्तरतन्त्रम्* सिद्धान्त, साधना एवं रहस्य | |
| 246 | _aRūdrayāmalam: uttaratantram: siddhānta, sādhanā evan rahasya | ||
| 260 |
_aवाराणसी _b चौखम्बा सुरभारती प्रकाशन _c2011 |
||
| 300 |
_a377पृ0 _ccm. |
||
| 650 | _aधर्म | ||
| 942 |
_hQ233:2394, 152Q1 _cTEXL _2CC |
||
| 999 |
_c300237 _d300237 |
||